| 000 | 00682cam a2200229 4500 | ||
|---|---|---|---|
| 001 | ABS61960 | ||
| 008 | 000000n2000 000 0 eng u | ||
| 035 | _a(Sirsi) u104668 | ||
| 100 | _aWood, M. | ||
| 245 | 4 | _aThe powers of an intranet: communication and information sharing | |
| 260 | _c2000 | ||
| 490 |
_aCSM (Chartered Surveyor Monthly) _vMarch 2000 28-29(2) |
||
| 520 | _aDescribes the role played by IT in the growth of a surveying firm. | ||
| 590 | _aABS | ||
| 650 | _aSURVEYING COMPANIES | ||
| 650 | _aCOMMUNICATION | ||
| 650 | _aINFORMATION SHARING | ||
| 650 | _aINFORMATION | ||
| 650 | _aINTRANET | ||
| 690 | _aINFORMATION TECHNOLOGY-INTERNET | ||
| 942 | _n0 | ||
| 999 |
_c62799 _d62799 |
||